000 00607nam a2200217 i 4500
001 91845
003 ES-MaACL
005 20230906180832.0
007 t|
008 050223s2004 sp ||||1| spa d
020 _a84-7731-416-0
080 _a821.134.2-31"19"
100 1 _aSánchez Pintado, Fernando.
_9102851
245 1 3 _aUn tren puede ocultar a otro /
_cFernando Sánchez Pintado.
260 _aMadrid :
_bEndymion,
_c[2004]
300 _a269 p. ;
_c20 cm.
490 1 _aNarrativa ;
_v59
830 0 _aNarrativa ;
_v59
_9177839
852 _aES-MaACL
_jL-28894
_bR.135263
999 _c91845
_d91845